[Event "Oberliga Nord W 2122"]
[Site "Germany"]
[Date "2021.10.10"]
[Round "1.1"]
[White "Korsus, Bernd"]
[Black "Stelmaszyk, Nico"]
[Result "1/2-1/2"]
[WhiteElo "2301"]
[BlackElo "2311"]
[PlyCount "78"]
[EventDate "2021.10.10"]
[EventType "team-tourn"]
[EventRounds "9"]
[EventCountry "GER"]
[SourceTitle "EXT 2023"]
[Source "ChessBase"]
[SourceDate "2022.10.05"]
[SourceVersion "1"]
[SourceVersionDate "2022.10.05"]
[SourceQuality "1"]
[WhiteTeam "Delmenhorst"]
[BlackTeam "Lehrte"]
[WhiteTeamCountry "GER"]
[BlackTeamCountry "GER"]

1. c4 c5 2. g3 g6 3. Bg2 Bg7 4. Nf3 Nc6 5. 0-0 e5 6. Nc3 Nge7 7. d3 0-0 8. Bd2 h6 9. a3 d6 10. Rb1 a5 11. Ne1 Be6 12. Nc2 d5 13. cxd5 Nxd5 14. Na4 b6 15. Ne3 Rb8 16. Nc3 Nxe3 17. fxe3 Qd7 18. Qa4 Rfc8 19. e4 b5 20. Qd1 Ne7 21. Be3 a4 22. Qd2 Kh7 23. Rbc1 b4 24. Nd5 bxa3 25. bxa3 Nxd5 26. exd5 Bxd5 27. Bxc5 Rb3 28. Bb4 Rxc1 29. Qxc1 Bxg2 30. Kxg2 Qd5+ 31. Rf3 e4 32. dxe4 Qxe4 33. Qf4 Qxe2+ 34. Rf2 Qb5 35. Qxf7 Qc6+ 36. Kh3 Qc8+ 37. Kg2 Qc6+ 38. Kh3 Qc8+ 39. Kg2 Qc6+ 1/2-1/2

[Event "Oberliga Nord W 1819"]
[Site "Germany"]
[Date "2019.03.24"]
[Round "8.1"]
[White "Korsus, Bernd"]
[Black "Bode, Wilfried"]
[Result "0-1"]
[WhiteElo "2339"]
[BlackElo "2351"]
[PlyCount "58"]
[EventDate "2018.10.21"]
[EventType "team-tourn"]
[EventRounds "9"]
[EventCountry "GER"]
[SourceTitle "EXT 2020"]
[Source "ChessBase"]
[SourceDate "2019.10.17"]
[SourceVersion "1"]
[SourceVersionDate "2019.10.17"]
[SourceQuality "1"]
[WhiteTeam "Delmenhorst"]
[BlackTeam "Hameln"]
[WhiteTeamCountry "GER"]
[BlackTeamCountry "GER"]

1. Nf3 d6 2. d4 Nf6 3. g3 g6 4. Bg2 Bg7 5. 0-0 0-0 6. c4 c6 7. b3 Bf5 8. Bb2 Qc8 9. Re1 Na6 10. Nc3 Re8 11. e4 Bg4 12. Qd2 e5 13. d5 Qd7 14. Ba3 c5 15. Nh4 Qe7 16. h3 Bd7 17. Qe2 Bh6 18. Bc1 Bxc1 19. Raxc1 Nc7 20. f4 Nh5 21. Qf2 exf4 22. gxf4 Qf6 23. e5 Qxf4 24. exd6 Qxf2+ 25. Kxf2 Rxe1 26. Rxe1 Ne8 27. Re7 Rd8 28. Ne4 b6 29. Nf3 f6 0-1

[Event "Oberliga Nord W 1617"]
[Site "Germany"]
[Date "2017.05.07"]
[Round "9.2"]
[White "Korsus, Bernd"]
[Black "Ackermann, Dennie"]
[Result "1-0"]
[WhiteElo "2324"]
[BlackElo "2118"]
[PlyCount "63"]
[EventDate "2016.10.16"]
[EventType "team-tourn"]
[EventRounds "9"]
[EventCountry "GER"]
[SourceTitle "EXT 2018"]
[Source "ChessBase"]
[SourceDate "2017.10.13"]
[SourceVersion "1"]
[SourceVersionDate "2017.10.13"]
[SourceQuality "1"]
[WhiteTeam "Delmenhorst"]
[BlackTeam "Hannover SF"]
[WhiteTeamCountry "GER"]
[BlackTeamCountry "GER"]

1. d4 Nf6 2. Nf3 e6 3. g3 d5 4. Bg2 Bd6 5. 0-0 c6 6. Nbd2 Ne4 7. Nxe4 dxe4 8. Ng5 f5 9. f3 h6 10. Nh3 exf3 11. exf3 0-0 12. Re1 c5 13. Kh1 cxd4 14. Qxd4 e5 15. Qc4+ Kh7 16. Be3 Qe7 17. Rad1 Nc6 18. f4 e4 19. g4 Be6 20. Qe2 g6 21. gxf5 gxf5 22. Qh5 Rad8 23. Bxe4 Qf6 24. Ng5+ Kh8 25. Nxe6 Qxe6 26. Bd5 Qf6 27. Rg1 Rg8 28. Rxg8+ Rxg8 29. Bxg8 Kxg8 30. Qe8+ Kh7 31. Qd7+ Be7 32. Bc5 1-0

[Event "Oberliga Nord W 1617"]
[Site "Germany"]
[Date "2017.03.19"]
[Round "7.3"]
[White "Korsus, Bernd"]
[Black "Ewert, Hannes"]
[Result "1/2-1/2"]
[WhiteElo "2324"]
[BlackElo "2164"]
[PlyCount "80"]
[EventDate "2016.10.16"]
[EventType "team-tourn"]
[EventRounds "9"]
[EventCountry "GER"]
[SourceTitle "EXT 2018"]
[Source "ChessBase"]
[SourceDate "2017.10.13"]
[SourceVersion "1"]
[SourceVersionDate "2017.10.13"]
[SourceQuality "1"]
[WhiteTeam "Delmenhorst"]
[BlackTeam "Hellern"]
[WhiteTeamCountry "GER"]
[BlackTeamCountry "GER"]

1. d4 Nf6 2. Nf3 e6 3. g3 c5 4. Bg2 Nc6 5. 0-0 d5 6. b3 Be7 7. Bb2 0-0 8. Nc3 cxd4 9. Nxd4 e5 10. Nxc6 bxc6 11. Na4 Bd6 12. c4 Be6 13. Qc2 Qe7 14. Rfd1 Rac8 15. Rac1 Rfd8 16. cxd5 cxd5 17. Qd3 Qb7 18. h3 Rxc1 19. Rxc1 Rc8 20. Kh2 h6 21. Qe3 Rxc1 22. Qxc1 Qc7 23. Qxc7 Bxc7 24. Nc5 Bf5 25. e3 Kf8 26. f4 exf4 27. gxf4 Ne4 28. Bd4 Bb6 29. b4 Bxc5 30. bxc5 Bc8 31. c6 a6 32. h4 g6 33. Bxe4 dxe4 34. Bf6 Ke8 35. Kg3 Be6 36. a3 Bd5 37. c7 Kd7 38. f5 Kxc7 39. Kf4 Kd6 40. Bg7 g5+ 1/2-1/2

[Event "Oberliga Nord W 1617"]
[Site "Germany"]
[Date "2017.01.15"]
[Round "4.3"]
[White "Meessen, Max"]
[Black "Korsus, Bernd"]
[Result "1/2-1/2"]
[WhiteElo "2231"]
[BlackElo "2324"]
[PlyCount "64"]
[EventDate "2016.10.16"]
[EventType "team-tourn"]
[EventRounds "9"]
[EventCountry "GER"]
[SourceTitle "EXT 2018"]
[Source "ChessBase"]
[SourceDate "2017.10.13"]
[SourceVersion "1"]
[SourceVersionDate "2017.10.13"]
[SourceQuality "1"]
[WhiteTeam "Oldenburg Union"]
[BlackTeam "Delmenhorst"]
[WhiteTeamCountry "GER"]
[BlackTeamCountry "GER"]

1. e4 c5 2. Nf3 Nc6 3. Bb5 e6 4. 0-0 Nge7 5. Re1 a6 6. Bf1 d5 7. d3 d4 8. a4 e5 9. c3 Ng6 10. g3 Bd6 11. Nbd2 0-0 12. Nc4 Bc7 13. cxd4 cxd4 14. Bd2 Qe7 15. Qb3 Rb8 16. a5 Be6 17. Qa4 h6 18. Bg2 f5 19. exf5 Rxf5 20. Re2 Rbf8 21. Ne1 Qf7 22. f3 e4 23. Rxe4 Rb5 24. Qc2 Bd5 25. Re2 h5 26. f4 Bxg2 27. Rxg2 Qd5 28. Rc1 Re8 29. Na3 Rb3 30. Qc4 Rd8 31. Qxd5+ Rxd5 32. Nc4 Nge7 1/2-1/2

[Event "Oberliga Nord W 1516"]
[Site "Germany"]
[Date "2016.03.13"]
[Round "8.6"]
[White "Korsus, Bernd"]
[Black "Buerckner, Hartmut"]
[Result "1-0"]
[WhiteElo "2318"]
[BlackElo "2148"]
[PlyCount "103"]
[EventDate "2015.09.20"]
[EventType "team-tourn"]
[EventRounds "9"]
[EventCountry "GER"]
[SourceTitle "EXT 2017"]
[Source "ChessBase"]
[SourceDate "2016.10.25"]
[SourceVersion "1"]
[SourceVersionDate "2016.10.25"]
[SourceQuality "1"]
[WhiteTeam "Delmenhorst"]
[BlackTeam "Oldenburg Union"]
[WhiteTeamCountry "GER"]
[BlackTeamCountry "GER"]

1. d4 Nf6 2. Nf3 e6 3. g3 c5 4. Bg2 cxd4 5. Nxd4 a6 6. 0-0 Qc7 7. e4 d6 8. Qe2 Nc6 9. Nxc6 bxc6 10. e5 dxe5 11. Nd2 Be7 12. Nc4 Nd7 13. Re1 f6 14. Qg4 Kf7 15. Qf3 Bb7 16. Bd2 a5 17. Bc3 Kg8 18. Rad1 Nf8 19. a3 h5 20. h4 Rh7 21. Rd2 g6 22. Red1 a4 23. Qe4 Ra7 24. Qe3 c5 25. Ba5 Rxa5 26. Bxb7 Rb5 27. Bg2 Rb8 28. b3 axb3 29. cxb3 Rg7 30. a4 g5 31. hxg5 Rxg5 32. a5 h4 33. gxh4 Rg4 34. Qh3 f5 35. h5 e4 36. a6 Bf6 37. Ra2 Bd4 38. Ne3 Rg5 39. Kf1 Ra8 40. Nc2 Qb6 41. Nxd4 cxd4 42. Rda1 Qb5+ 43. Kg1 Ra7 44. h6 Ng6 45. Qh2 e5 46. Ra5 Qe8 47. h7+ Kh8 48. Qh6 Qe7 49. Kf1 Qd8 50. Rb5 Rxh7 51. a7 Rxh6 52. Rb8 1-0

[Event "Oberliga Nord W 1516"]
[Site "Germany"]
[Date "2015.12.13"]
[Round "4.5"]
[White "Happe, Reinhold"]
[Black "Korsus, Bernd"]
[Result "1/2-1/2"]
[WhiteElo "2110"]
[BlackElo "2325"]
[PlyCount "62"]
[EventDate "2015.09.20"]
[EventType "team-tourn"]
[EventRounds "9"]
[EventCountry "GER"]
[SourceTitle "CBM 170 Extra"]
[Source "ChessBase"]
[SourceDate "2016.02.25"]
[SourceVersion "1"]
[SourceVersionDate "2016.02.25"]
[SourceQuality "1"]
[WhiteTeam "Hellern"]
[BlackTeam "Delmenhorst"]
[WhiteTeamCountry "GER"]
[BlackTeamCountry "GER"]

1. c4 e5 2. Nc3 Nf6 3. Nf3 Nc6 4. d4 exd4 5. Nxd4 Bb4 6. Bg5 0-0 7. e3 h6 8. Bh4 Ne5 9. Qc2 d6 10. Be2 Ng6 11. Bg3 Qe7 12. 0-0 Bxc3 13. Qxc3 Ne4 14. Qc2 Re8 15. Bd3 Nxg3 16. hxg3 Ne5 17. Rac1 Bd7 18. Be4 c6 19. Bf5 g6 20. Bxd7 Nxd7 21. Rfd1 Nc5 22. Ne2 Rad8 23. Rd4 Rd7 24. Rcd1 Ne4 25. Nc3 Nf6 26. Qe2 Qe5 27. Qf3 g5 28. g4 a6 29. Ne2 Ne4 30. Qf5 Qxf5 31. gxf5 Re5 1/2-1/2

[Event "Oberliga Nord W 1415"]
[Site "Germany"]
[Date "2014.09.22"]
[Round "1.3"]
[White "Korsus, Bernd"]
[Black "Gentemann, Moritz"]
[Result "0-1"]
[WhiteElo "2290"]
[BlackElo "2239"]
[PlyCount "82"]
[EventDate "2014.09.22"]
[EventType "team-tourn"]
[EventRounds "9"]
[EventCountry "GER"]
[SourceTitle "EXT 2016"]
[Source "ChessBase"]
[SourceDate "2015.10.08"]
[SourceVersion "1"]
[SourceVersionDate "2015.10.08"]
[SourceQuality "1"]
[WhiteTeam "Delmenhorst"]
[BlackTeam "Lister Turm"]
[WhiteTeamCountry "GER"]
[BlackTeamCountry "GER"]

1. d4 d5 2. Nf3 Nf6 3. c4 e6 4. Nc3 Be7 5. Bg5 0-0 6. e3 h6 7. Bh4 b6 8. cxd5 Nxd5 9. Bxe7 Qxe7 10. Nxd5 exd5 11. Rc1 Be6 12. Be2 c5 13. 0-0 Nd7 14. dxc5 bxc5 15. Qa4 a5 16. Qa3 Rfb8 17. Nd4 Qf6 18. Nb5 c4 19. Nd4 a4 20. Rc2 Bf5 21. Nxf5 Qxf5 22. Rd2 Nf6 23. Bf3 Rb5 24. Rfd1 Rab8 25. Qc3 g5 26. h3 h5 27. Qa3 g4 28. hxg4 hxg4 29. e4 Qh5 30. Qe7 Qg6 31. Be2 R5b7 32. Qd6 Rb6 33. Qa3 Qxe4 34. Bf1 Rb4 35. Rd4 Qe5 36. Qc3 Rxb2 37. Re1 Qf5 38. Qg3 Ne4 39. Rexe4 dxe4 40. Bxc4 Rb1+ 41. Bf1 Qb5 0-1

[Event "Oberliga Nord W 1314"]
[Site "Germany"]
[Date "2014.03.16"]
[Round "8.3"]
[White "Koelle, Arthur"]
[Black "Korsus, Bernd"]
[Result "1-0"]
[WhiteElo "2215"]
[BlackElo "2292"]
[PlyCount "87"]
[EventDate "2013.10.13"]
[EventType "team-tourn"]
[EventRounds "9"]
[EventCountry "GER"]
[SourceTitle "EXT 2015"]
[Source "ChessBase"]
[SourceDate "2014.11.20"]
[SourceVersion "1"]
[SourceVersionDate "2014.11.20"]
[SourceQuality "1"]
[WhiteTeam "Hannover SF"]
[BlackTeam "Delmenhorst"]
[WhiteTeamCountry "GER"]
[BlackTeamCountry "GER"]

1. e4 c5 2. Nf3 Nc6 3. Bb5 g6 4. Bxc6 dxc6 5. d3 Bg4 6. Nbd2 Bg7 7. h3 Bxf3 8. Nxf3 Nf6 9. e5 Nd5 10. Qe2 Nc7 11. Bd2 Ne6 12. 0-0 Qd5 13. Rfe1 h6 14. a3 Rd8 15. b4 Nd4 16. Nxd4 cxd4 17. Bf4 Qe6 18. Qe4 Rd5 19. a4 0-0 20. Rab1 Rc8 21. Re2 b6 22. g4 c5 23. Bh2 Rdd8 24. bxc5 Rxc5 25. Rb4 Qd5 26. Qxd5 Rdxd5 27. f4 e6 28. Kg2 Bf8 29. Kf3 Rxc2 30. Rxc2 Bxb4 31. Rc8+ Kg7 32. f5 gxf5 33. gxf5 exf5 34. Rc7 Rc5 35. Rxa7 Kg6 36. Rb7 Rc6 37. Rb8 Bc3 38. Rg8+ Kh7 39. Rb8 Rg6 40. Bg3 Bd2 41. Bf2 Bc3 42. Bh4 Bd2 43. Bf6 Rg1 44. Rh8+ 1-0

[Event "Oberliga Nord W 1314"]
[Site "Germany"]
[Date "2013.12.15"]
[Round "4.3"]
[White "Korsus, Bernd"]
[Black "Hermann, Manfred"]
[Result "1/2-1/2"]
[WhiteElo "2292"]
[BlackElo "2320"]
[PlyCount "90"]
[EventDate "2013.10.13"]
[EventType "team-tourn"]
[EventRounds "9"]
[EventCountry "GER"]
[SourceTitle "EXT 2015"]
[Source "ChessBase"]
[SourceDate "2014.11.20"]
[SourceVersion "1"]
[SourceVersionDate "2014.11.20"]
[SourceQuality "1"]
[WhiteTeam "Delmenhorst"]
[BlackTeam "Oldenburg Union"]
[WhiteTeamCountry "GER"]
[BlackTeamCountry "GER"]

1. Nf3 d5 2. d4 Nf6 3. g3 c6 4. Bg2 Bf5 5. 0-0 e6 6. Nh4 Bg4 7. Qd3 Be7 8. c4 Nbd7 9. h3 Bh5 10. g4 dxc4 11. Qxc4 Nd5 12. gxh5 Bxh4 13. e4 N5b6 14. Qe2 g6 15. d5 e5 16. a4 a5 17. f4 Qe7 18. hxg6 hxg6 19. dxc6 bxc6 20. f5 Rg8 21. b3 Qb4 22. Kh1 Qxb3 23. Nd2 Qc2 24. f6 Bg5 25. Rb1 Nxa4 26. Qg4 Bxd2 27. Bxd2 Nac5 28. Be3 Nb3 29. Rbd1 0-0-0 30. Bb6 a4 31. Rd6 c5 32. h4 Nd4 33. Bh3 Ne6 34. Rxe6 fxe6 35. f7 Rgf8 36. Bxd8 Kxd8 37. Qxe6 Qxe4+ 38. Kh2 Qe2+ 39. Kg1 Qe3+ 40. Rf2 Qe1+ 41. Kg2 Qe4+ 42. Kg3 Qe3+ 43. Kg2 Qe4+ 44. Kg3 Qe3+ 45. Kg2 Qe4+ 1/2-1/2

[Event "BL2-Nord 0910"]
[Site "Germany"]
[Date "2009.11.29"]
[Round "3.7"]
[White "Korsus, Bernd"]
[Black "Knuth, Hannes"]
[Result "1-0"]
[WhiteElo "2296"]
[BlackElo "2276"]
[PlyCount "83"]
[EventDate "2009.10.18"]
[EventType "team-tourn"]
[EventRounds "9"]
[EventCountry "GER"]
[SourceTitle "EXT 2011"]
[Source "ChessBase"]
[SourceDate "2010.11.26"]
[SourceVersion "1"]
[SourceVersionDate "2010.11.26"]
[SourceQuality "1"]
[WhiteTeam "Delmenhorst"]
[BlackTeam "Neukloster"]
[WhiteTeamCountry "GER"]
[BlackTeamCountry "GER"]

1. Nf3 c5 2. c4 g6 3. g3 Bg7 4. Bg2 Nc6 5. 0-0 e6 6. Nc3 Nge7 7. d3 0-0 8. Bd2 b6 9. Qc1 Nf5 10. e4 Nfd4 11. Bh6 Nxf3+ 12. Bxf3 Bb7 13. Bg2 Nd4 14. Bxg7 Kxg7 15. f4 f5 16. Qd2 d6 17. Ne2 Qc7 18. Nxd4 cxd4 19. exf5 gxf5 20. Rae1 Rae8 21. Bxb7 Qxb7 22. Qf2 e5 23. Re2 Kh8 24. Rfe1 Qg7 25. Qf3 Re6 26. Qd5 Rfe8 27. b4 Qc7 28. a3 Qb8 29. Rf1 Qc8 30. fxe5 Rxe5 31. Qxd4 Kg8 32. Rxe5 dxe5 33. Qd5+ Kg7 34. d4 exd4 35. Rxf5 Re6 36. Qxd4+ Kg8 37. Rg5+ Rg6 38. Rd5 Qe6 39. Rd8+ Kf7 40. Qd7+ Kf6 41. Rf8+ Ke5 42. Re8 1-0

[Event "Bayern-chI Bank Hofmann 12th"]
[Site "Bad Wiessee"]
[Date "2008.11.05"]
[Round "5"]
[White "Lutz, Albert"]
[Black "Korsus, Bernd"]
[Result "0-1"]
[WhiteElo "2045"]
[BlackElo "2272"]
[PlyCount "76"]
[EventDate "2008.11.01"]
[EventType "swiss"]
[EventRounds "9"]
[EventCountry "GER"]
[SourceTitle "EXT 2009"]
[Source "ChessBase"]
[SourceDate "2008.11.26"]
[SourceVersion "1"]
[SourceVersionDate "2008.11.26"]
[SourceQuality "1"]

1. Nf3 Nf6 2. d4 c5 3. c4 e6 4. Nc3 cxd4 5. Nxd4 a6 6. e3 Qc7 7. Be2 Be7 8. 0-0 0-0 9. Qc2 b6 10. b3 Bb7 11. Bb2 d6 12. Rac1 Nbd7 13. f4 Rac8 14. Bf3 Rfe8 15. Kh1 Qb8 16. Bxb7 Qxb7 17. e4 Bf8 18. Rce1 b5 19. cxb5 axb5 20. Qe2 b4 21. Na4 d5 22. e5 Ne4 23. Rf3 g6 24. g4 Ndc5 25. Nxc5 Bxc5 26. Ref1 Nc3 27. Qd2 Qb6 28. Ne2 Ne4 29. Qe1 Be3 30. Qh4 Nd2 31. Rh3 Nxf1 32. Qxh7+ Kf8 33. Qh8+ Ke7 34. Qf6+ Kd7 35. Rh7 Re7 36. f5 d4 37. Kg2 Rc2 38. Bxd4 Qc6+ 0-1

[Event "Pardubice Jihlavanka op-B 19th"]
[Site "Pardubice"]
[Date "2008.07.25"]
[Round "8"]
[White "Korsus, Bernd"]
[Black "Nedochetov, Mikhail"]
[Result "1/2-1/2"]
[WhiteElo "2263"]
[BlackElo "2354"]
[PlyCount "40"]
[EventDate "2008.07.18"]
[EventType "swiss"]
[EventRounds "9"]
[EventCountry "CZE"]
[SourceTitle "CBM 125 Extra"]
[Source "ChessBase"]
[SourceDate "2008.09.01"]
[SourceVersion "1"]
[SourceVersionDate "2008.09.01"]
[SourceQuality "1"]

1. d4 d5 2. c4 c6 3. Nf3 Nf6 4. Nc3 dxc4 5. a4 Bf5 6. e3 e6 7. Bxc4 Bb4 8. 0-0 Nbd7 9. Qb3 a5 10. Na2 Be7 11. Bd2 Qb6 12. Rfc1 Qxb3 13. Bxb3 0-0 14. Bc2 Bxc2 15. Rxc2 Bd6 16. Nc1 e5 17. Bc3 exd4 18. Bxd4 Ne4 19. Nd2 Nxd2 20. Rxd2 Bb4 1/2-1/2

[Event "Pardubice Jihlavanka op-B 19th"]
[Site "Pardubice"]
[Date "2008.07.22"]
[Round "5"]
[White "Bujnoch, Radek"]
[Black "Korsus, Bernd"]
[Result "1/2-1/2"]
[WhiteElo "2241"]
[BlackElo "2263"]
[PlyCount "20"]
[EventDate "2008.07.18"]
[EventType "swiss"]
[EventRounds "9"]
[EventCountry "CZE"]
[SourceTitle "CBM 125 Extra"]
[Source "ChessBase"]
[SourceDate "2008.09.01"]
[SourceVersion "1"]
[SourceVersionDate "2008.09.01"]
[SourceQuality "1"]

1. e4 c5 2. Nf3 Nc6 3. d4 cxd4 4. Nxd4 Nf6 5. Nc3 e5 6. Ndb5 d6 7. Bg5 a6 8. Na3 b5 9. Bxf6 gxf6 10. Nd5 Bg7 1/2-1/2

[Event "Pardubice Jihlavanka op-B 19th"]
[Site "Pardubice"]
[Date "2008.07.21"]
[Round "4"]
[White "Korsus, Bernd"]
[Black "Kotva, Milan"]
[Result "1-0"]
[WhiteElo "2263"]
[BlackElo "2074"]
[PlyCount "41"]
[EventDate "2008.07.18"]
[EventType "swiss"]
[EventRounds "9"]
[EventCountry "CZE"]
[SourceTitle "CBM 125 Extra"]
[Source "ChessBase"]
[SourceDate "2008.09.01"]
[SourceVersion "1"]
[SourceVersionDate "2008.09.01"]
[SourceQuality "1"]

1. d4 d5 2. c4 c6 3. Nf3 Nf6 4. Nc3 dxc4 5. a4 Bf5 6. Ne5 e6 7. Nxc4 Bb4 8. e3 0-0 9. Bd3 Nbd7 10. Bxf5 exf5 11. 0-0 Qc7 12. Qf3 g6 13. Bd2 Rfe8 14. Rac1 Rad8 15. Na2 Bf8 16. b4 Ne4 17. Be1 Ndf6 18. g3 Qd7 19. Na5 Bh6 20. Nc3 Ng4 21. Qg2 1-0

[Event "Pardubice Jihlavanka op-B 19th"]
[Site "Pardubice"]
[Date "2008.07.20"]
[Round "3"]
[White "Lindborg, Petter"]
[Black "Korsus, Bernd"]
[Result "0-1"]
[WhiteElo "2125"]
[BlackElo "2263"]
[PlyCount "82"]
[EventDate "2008.07.18"]
[EventType "swiss"]
[EventRounds "9"]
[EventCountry "CZE"]
[SourceTitle "CBM 125 Extra"]
[Source "ChessBase"]
[SourceDate "2008.09.01"]
[SourceVersion "1"]
[SourceVersionDate "2008.09.01"]
[SourceQuality "1"]

1. d4 Nf6 2. Bg5 e6 3. e4 h6 4. Bxf6 Qxf6 5. c3 d6 6. Bd3 e5 7. Ne2 Nc6 8. 0-0 g5 9. Na3 a6 10. Nc2 h5 11. b4 h4 12. Ne3 Ne7 13. Qc2 c6 14. dxe5 dxe5 15. a4 g4 16. Rad1 Bh6 17. Nc1 g3 18. h3 Rg8 19. Qe2 gxf2+ 20. Rxf2 Bf4 21. Rf3 Qg5 22. Bc4 Bxe3+ 23. Rxe3 Ng6 24. Nd3 Be6 25. Bxe6 fxe6 26. Ne1 Nf4 27. Qd2 Kf7 28. Qf2 Ke7 29. Kh2 Rg7 30. Rd2 Rag8 31. a5 Qh6 32. Rf3 Rg3 33. Qc5+ Kf6 34. Nd3 Qg5 35. Nxf4 Rxf3 36. Nh5+ Qxh5 37. gxf3 Qg5 38. Qf2 Qf4+ 39. Kh1 Rg3 40. Rd3 Rxh3+ 41. Kg1 Qc1+ 0-1

[Event "Pardubice Jihlavanka op-B 19th"]
[Site "Pardubice"]
[Date "2008.07.19"]
[Round "2"]
[White "Korsus, Bernd"]
[Black "Belostotska, Julia"]
[Result "1-0"]
[WhiteElo "2263"]
[BlackElo "2089"]
[PlyCount "81"]
[EventDate "2008.07.18"]
[EventType "swiss"]
[EventRounds "9"]
[EventCountry "CZE"]
[SourceTitle "CBM 125 Extra"]
[Source "ChessBase"]
[SourceDate "2008.09.01"]
[SourceVersion "1"]
[SourceVersionDate "2008.09.01"]
[SourceQuality "1"]

1. d4 Nf6 2. c4 g6 3. Nc3 Bg7 4. e4 d6 5. Nf3 0-0 6. Be2 e5 7. 0-0 Nc6 8. d5 Ne7 9. Ne1 Ne8 10. Be3 f5 11. f3 f4 12. Bf2 g5 13. c5 h5 14. a4 Nf6 15. a5 Ng6 16. cxd6 cxd6 17. Nb5 g4 18. Rc1 Rf7 19. Nxa7 gxf3 20. Nxf3 Bd7 21. Bb6 Qe7 22. Ng5 Rff8 23. Ne6 Bxe6 24. dxe6 f3 25. Bxf3 Bh6 26. Rc3 Nf4 27. Nb5 Nxe6 28. Qxd6 Qxd6 29. Nxd6 Nd4 30. Nf5 Nxf5 31. exf5 e4 32. Be2 Bd2 33. Rg3+ Kh7 34. Bc5 Rfc8 35. Bd4 Rf8 36. Rd1 Bxa5 37. Rg6 Nd5 38. Bxh5 Rxf5 39. g4 Rf4 40. g5 Rd8 41. Rh6+ 1-0

[Event "Oberliga Nord W 0708"]
[Site "Germany"]
[Date "2007.12.09"]
[Round "4.6"]
[White "Korsus, Bernd"]
[Black "Eschholz, Enno"]
[Result "1/2-1/2"]
[WhiteElo "2283"]
[BlackElo "2178"]
[PlyCount "115"]
[EventDate "2007.10.21"]
[EventType "team-tourn"]
[EventRounds "9"]
[EventCountry "GER"]
[SourceTitle "EXT 2009"]
[Source "ChessBase"]
[SourceDate "2008.11.26"]
[SourceVersion "1"]
[SourceVersionDate "2008.11.26"]
[SourceQuality "1"]
[WhiteTeam "Delmenhorst"]
[BlackTeam "Oldenburg Union"]
[WhiteTeamCountry "GER"]
[BlackTeamCountry "GER"]

1. d4 Nf6 2. c4 Nc6 3. Nf3 e6 4. a3 d5 5. cxd5 exd5 6. Bg5 Be7 7. Qc2 Ne4 8. Bxe7 Nxe7 9. e3 Bf5 10. Bd3 Nd6 11. Nbd2 c6 12. 0-0 0-0 13. Rfe1 Bxd3 14. Qxd3 Ng6 15. Nf1 Re8 16. Ng3 Ne4 17. b4 Qf6 18. Qc2 a5 19. Rab1 Nd6 20. a4 Nc4 21. Qd3 axb4 22. Rxb4 b6 23. Reb1 h6 24. h3 Qd6 25. Ne2 Ra7 26. Nc3 Rae7 27. Rxc4 dxc4 28. Qxc4 Rb8 29. d5 cxd5 30. Qxd5 Qxd5 31. Nxd5 Ra7 32. Rb4 Ne7 33. Nxe7+ Rxe7 34. Nd4 Ra8 35. Nb5 Rd7 36. Nd4 Rda7 37. Rxb6 Rxa4 38. g3 Ra2 39. Rb5 g6 40. h4 Rd2 41. Nf3 Rc2 42. Nd4 Rc1+ 43. Kg2 h5 44. Rb6 Kg7 45. Ne2 Re1 46. Nf4 Ra2 47. Rb3 Rd1 48. Rb7 Rdd2 49. Nh3 Kf8 50. Rb4 Rd6 51. Ng5 Rda6 52. Rb7 Ra7 53. Rb4 Kg7 54. Rb8 Re7 55. Kg1 Ra5 56. Rb6 Ree5 57. Kg2 Ra7 58. Kg1 1/2-1/2

[Event "Oberliga Nord W 0607"]
[Site "Germany"]
[Date "2007.04.01"]
[Round "8.2"]
[White "Korsus, Bernd"]
[Black "Mueller, Gerhard"]
[Result "1-0"]
[WhiteElo "2286"]
[BlackElo "2050"]
[PlyCount "87"]
[EventDate "2006.10.15"]
[EventType "team-tourn"]
[EventRounds "9"]
[EventCountry "GER"]
[SourceTitle "EXT 2008"]
[Source "ChessBase"]
[SourceDate "2007.11.25"]
[SourceVersion "1"]
[SourceVersionDate "2007.11.25"]
[SourceQuality "1"]
[WhiteTeam "Delmenhorst"]
[BlackTeam "Osnabrueck"]
[WhiteTeamCountry "GER"]
[BlackTeamCountry "GER"]

1. Nf3 g6 2. g3 Bg7 3. Bg2 e5 4. 0-0 d6 5. d4 Nd7 6. c3 Ngf6 7. Nbd2 0-0 8. e4 Qe7 9. Re1 Re8 10. b3 Nh5 11. Bb2 Nf8 12. h3 f6 13. Qe2 Be6 14. Rad1 a5 15. Nc4 a4 16. Kh2 Ra6 17. Bf1 axb3 18. axb3 Rea8 19. Qc2 Ra2 20. b4 Qe8 21. Nfd2 Qa4 22. Nb3 b5 23. Nca5 Rxa5 24. d5 Ra8 25. Ra1 Bd7 26. Rxa2 Qxa2 27. Ra1 Qxa1 28. Bxa1 f5 29. f3 f4 30. g4 Ng3 31. Bg2 h5 32. Na5 Nh7 33. c4 hxg4 34. hxg4 Bf6 35. cxb5 Bd8 36. Qc4 Kg7 37. Bc3 Nf6 38. Be1 Bxg4 39. Qc6 Rc8 40. fxg4 Nxg4+ 41. Kg1 Ne2+ 42. Kf1 Nd4 43. Qd7+ Kh6 44. Qxg4 1-0

[Event "Oberliga Nord W 0607"]
[Site "Germany"]
[Date "2007.02.04"]
[Round "5.3"]
[White "David, Adrian"]
[Black "Korsus, Bernd"]
[Result "1-0"]
[WhiteElo "2325"]
[BlackElo "2286"]
[PlyCount "105"]
[EventDate "2006.10.15"]
[EventType "team-tourn"]
[EventRounds "9"]
[EventCountry "GER"]
[SourceTitle "EXT 2008"]
[Source "ChessBase"]
[SourceDate "2007.11.25"]
[SourceVersion "1"]
[SourceVersionDate "2007.11.25"]
[SourceQuality "1"]
[WhiteTeam "Hameln"]
[BlackTeam "Delmenhorst"]
[WhiteTeamCountry "GER"]
[BlackTeamCountry "GER"]

1. Nf3 Nf6 2. c4 c5 3. Nc3 e6 4. d4 cxd4 5. Nxd4 a6 6. e4 Qc7 7. a3 b6 8. Be2 Bb7 9. f3 Be7 10. Be3 d6 11. Rc1 Nbd7 12. 0-0 0-0 13. Qe1 Rac8 14. Qf2 Qb8 15. Rfd1 Bd8 16. Bf1 Bc7 17. g4 Ne5 18. g5 Nfd7 19. b3 Rfe8 20. Be2 Ng6 21. b4 d5 22. cxd5 exd5 23. Nf5 Bf4 24. Bxf4 Nxf4 25. Bf1 Ne5 26. Qe3 dxe4 27. fxe4 Ne6 28. Nd6 Rcd8 29. Nxe8 Rxe8 30. Be2 Ng6 31. Bg4 Qe5 32. Bxe6 Qxe6 33. Qg3 b5 34. Rd6 Qb3 35. Nd5 Qb2 36. Qc3 Qe2 37. Re1 Qa2 38. Rd7 Bc8 39. Rc7 Be6 40. Ne3 Nf4 41. Nc2 Bc4 42. Qd2 Nh3+ 43. Kh1 Nxg5 44. Qxg5 Qxc2 45. Qf4 g6 46. Qxf7+ Bxf7 47. Rxc2 Bc4 48. Rd2 Kg7 49. Rd6 Ra8 50. Red1 a5 51. Rd8 Rxd8 52. Rxd8 axb4 53. axb4 1-0